Missing Word: Edible Songs Quiz Stats

 Plays Quiz Updated Jan 26, 2012

Support Sporcle.
Go Orange.
Score 0/20 Timer 02:00
0 Plays Today
Song Title Missing Word % Correct
Apple Of My ______Eye
91.4%
Strawberry ______ ForeverFields
88.5%
Pour Some Sugar on ______Me
85.5%
Cheeseburger in ______Paradise
71%
On The Good ______ LollipopShip
70%
I ______ CandyWant
65.5%
______ SugarBrown
65.1%
______ TaffyLaffy
52.4%
Raspberry ______Beret
48.1%
Candy ______Shop
42.2%
Song Title Missing Word % Correct
One ______ AppleBad
41.9%
Cinnamon ______Girl
34.6%
Orange ______Crush
29.4%
______ DinnersTV
23.6%
Salt ______Shaker
17.7%
The Lemon ______Song
17.6%
______ OnionGlass
17.1%
______ HoneyTupelo
12.9%
Wild ______ HoneyMountain
6.9%
Burger ______Queen
2.7%

Today's Daily Dose

Word Ladder
Math Aid

Get the Picture
Warrior Women

You're not logged in!

Compare scores with friends on all Sporcle quizzes.
OR
Log In
Forgot?

From the Vault

ESPY Winners

by Ben

Sports 15m
The ESPYs date all the way back to 1993, a lot of rich history there, lots of history.
Remove Ads.
Support Sporcle.
Get the best of Sporcle when you Go Orange. This ad-free experience offers more features, more stats, and more fun while also helping to support Sporcle. Thank you for becoming a member.

Show Comments

Extras

Top Quizzes Today


Score Distribution

Your Account Isn't Verified!

In order to create a playlist on Sporcle, you need to verify the email address you used during registration. Go to your Sporcle Settings to finish the process.

Report this User

Report this user for behavior that violates our Community Guidelines.

Details: